Distance education : a practical guide
Αποθηκεύτηκε σε:
| Κύριος συγγραφέας: | |
|---|---|
| Μορφή: | Βιβλίο |
| Γλώσσα: | English |
| Δημοσίευση: |
Englewood Cliffs, N.J. :
Educational Technology Publications,
c1993
|
| Θέματα: | |
| Ετικέτες: |
Προσθήκη ετικέτας
Δεν υπάρχουν, Καταχωρήστε ετικέτα πρώτοι!
|
MARC
| LEADER | 00000cam a2200000 i 4500 | ||
|---|---|---|---|
| 001 | 1/73789 | ||
| 008 | 980605s1993 eng d | ||
| 020 | |a 0-87778-255-5 | ||
| 035 | |l 10031612 | ||
| 035 | |a 1995 |b 3 |c Μεϊμάρης | ||
| 040 | |a GR-MY-UA |b gre |e aacr | ||
| 041 | 0 | |a eng | |
| 082 | 0 | |a 371.3078 |2 (20) | |
| 100 | 1 | |a Willis, Barry Donald |d 1952- | |
| 245 | 1 | 0 | |a Distance education : |b a practical guide / |c Barry Willis |
| 260 | |a Englewood Cliffs, N.J. : |b Educational Technology Publications, |c c1993 | ||
| 300 | |a x, 138 p.; |b ill.; |c 24 cm | ||
| 504 | |a Includes bibliographical references and index | ||
| 650 | 0 | 0 | |a Distance education |x Handbooks, manuals, etc. |
| 852 | |a INST |b RHODES |e 19980605 |h 371.3078 WIL |p 005400011686 |q 005400011686 |t BK |y 0 | ||
| 909 | |a Ρ |b 043433 |c 1995 | ||